| 000 | 01262nam a2200253 i 4500 | ||
|---|---|---|---|
| 001 | bg | ||
| 100 | 1 | _aBIEŃ, Andrzej | |
| 245 | 1 | 0 |
_aMetrologia jakości energii elektrycznej w obszarze niskoczęstotliwościowych zaburzeń napięcia sieci / _cAndrzej Bień. |
| 246 | 1 | 1 | _aMetrology of electrical energy quality in the range of network voltage low-frequency disturbances |
| 260 |
_aKraków : _bAGH. Uczelniane Wydawnictwa Naukowo-Dydaktyczne, _c2003. |
||
| 300 |
_a111 s. : _bfot., rys., tab., wykr. ; _c24 cm. |
||
| 490 | 1 |
_aRozprawy, Monografie / [Akademia Górniczo-Hutnicza im. Stanisława Staszica w Krakowie] = _aDissertations, Monographs, _x0867-6631 ; _v127 |
|
| 500 | _aTyt. równol.: Metrology of electrical energy quality in the range of network voltage low-frequency disturbances. - Streszcz. ang. | ||
| 504 | _aBibliogr. s. 103-111. | ||
| 650 | 9 |
_aEnergia elektryczna _xjakość _xbadanie |
|
| 650 | 9 |
_aSieć elektryczna _xbadanie |
|
| 650 | 9 |
_aUkłady cyfrowe _xstosowanie _xelektroenergetyka |
|
| 830 | 0 |
_aRozprawy, Monografie ([Akademia Górniczo-Hutnicza im. Stanisława Staszica w Krakowie]) ; _v127 |
|
| 040 | _cBPK | ||
| 041 | 0 |
_apol _beng |
|
| 080 | _a621.317:621.3.049.77 | ||
| 942 | _cKS | ||
| 008 | s pl f |000 0 pol | ||
| 999 |
_c45637 _d45637 |
||
| 856 |
_uhttp://koha.tu.koszalin.pl/cgi-bin/koha/opac-detail.pl?biblionumber=45637 _yKatalog online BPK |
||